Normal view
MARC view
- الحاسبات الالكترونية-برامج
Entry Topical Term
001 - CONTROL NUMBER
- control field: 27890
003 - CONTROL NUMBER IDENTIFIER
- control field: JO-AjAnu
005 - DATE AND TIME OF LATEST TRANSACTION
- control field: 20230606074731.0
008 - FIXED-LENGTH DATA ELEMENTS
- fixed length control field: 230606|| aca||aabn | a|a d
040 ## - CATALOGING SOURCE
- Original cataloging agency: JO-AjAnu
- Transcribing agency: JO-AjAnu
150 ## - HEADING--TOPICAL TERM
- Topical term or geographic name entry element: الحاسبات الالكترونية-برامج
670 ## - SOURCE DATA FOUND
- Source citation: Work cat.: (JO-AjAnu)14319: الشافي ، مصطفى عبد, author 27889, احترف EXCEL 2007